|
|
|
|
| LEADER |
00000nab a2200000 a 4500 |
| 001 |
vtls000820747 |
| 003 |
SK-MaSNL |
| 005 |
20260304111957.0 |
| 008 |
250429c2002 xo 0 slo |
| 015 |
|
|
|a SNBRB2003/01-00621
|
| 035 |
|
|
|a CLN000172402
|
| 035 |
|
|
|a urn:nbn:sk:snk-ab2s0a
|
| 035 |
|
|
|a (urnnbn)urn:nbn:sk:snk:ar-a02uwn
|
| 035 |
|
|
|a (uuid)cbf63fd0-030d-4c99-aed8-48b1eca71698
|
| 040 |
|
|
|a SNKBUCL
|b slo
|c SNKBUCL
|e AACR2
|
| 041 |
0 |
|
|a slo
|
| 044 |
|
|
|a xo
|c SK
|
| 080 |
|
|
|a 82:929:885.4:016
|2 1997
|
| 080 |
|
|
|a 885.4:929:016
|2 1997
|
| 080 |
|
|
|a 82:016
|2 1997
|
| 080 |
|
|
|a 016:82
|2 1997
|
| 080 |
|
|
|a 929 Bakoš, Mikuláš
|2 1997
|
| 245 |
0 |
0 |
|a Mikuláš Bakoš
|b (personálna bibliografia)
|c Veronika Čejková
|
| 600 |
1 |
7 |
|a Bakoš, Mikuláš,
|d 1914-1972
|2 snkbucl
|9 105579
|
| 655 |
|
7 |
|a články z novín a časopisov
|2 snkbucl
|9 267496
|
| 700 |
1 |
|
|a Čejková, Veronika,
|d 1949-
|4 com
|9 6245
|
| 773 |
0 |
|
|t Slovak review
|g Roč. 11, č. 2 (2002), s. 194-208
|x 1335-0544
|
| 850 |
|
|
|a Slovenská národná knižnica
|
| 852 |
|
|
|a Slovenská národná knižnica
|
| 954 |
|
|
|a odborná, vedecká literatúra pôvodná (slovenská)
|2 lita
|
| 958 |
|
|
|a article27
|
| 958 |
|
|
|a LX
|
| 958 |
|
|
|a SK
|
| 958 |
|
|
|a BX
|
| 958 |
|
|
|a PB
|
| 958 |
|
|
|a OND
|
| 958 |
|
|
|a EUIPO
|
| 992 |
|
|
|a RBX
|
| 999 |
|
|
|c 2863751
|d 2865681
|